=LDR 00000nam 2200000 4500 =001 INLIS000000000028202 =005 20130612130525 =008 ***********************************ind** =035 ##$$0010-061300000028202 =041 ##$$a ind =082 ##$$a 690 =090 ##$$a 690, ZAI p =100 ##$$a Zainal A.Z =245 ##$$a Pengembangan rumah tipe 18 dan tipe 21 dan perhitungan bahan yang dipakai, Zainal A.Z =260 ##$$a 1993 $b Jakarta =300 ##$$a xiv, 109 hlm., ilus., 30 cm =650 ##$$a Rumah =650 ##$$a Pembangunan =850 ##$$a NBPNMAT